A vida acidentada de um vampiro (Record no. 149649)

MARC details
000 -LÍDER
campo de controle de tamanho fixo 00479 a2200157 4500
001 - NÚMERO DE CONTROLE
campo de controle 149649
040 ## - FONTE DA CATALOGAÇÃO
Instituição que transcreveu o registro Escola São Tomás de Aquino
100 ## - ENTRADA PRINCIPAL--NOME PESSOAL
Nome pessoal TELLES, Carlos Queiroz
240 10 - TÍTULO UNIFORME
Título uniforme A vida acidentada de um vampiro
Idioma da obra por
245 10 - TÍTULO
Título A vida acidentada de um vampiro
300 ## - DESCRIÇÃO FÍSICA
Extensão 46
362 0# - DATAS DE PUBLICAÇÃO E/OU DESIGNAÇÃO SEQUENCIAL
Datas de publicação e/ou designação sequencial 1997
440 #1 - DECLARAÇÃO DE SÉRIE/ENTRADA ADICIONADA--TÍTULO
Título FTD
697 ## - ENTRADA DE ASSUNTO LOCAL--ENTIDADE COLETIVA (RLIN)
Nome corporativo ou nome da jurisdição Histórias de bruxas, centauros, fadas, duendes, deuses, sereias, ogres, vampiros, feiticeiros, mágicos
942 ## - ELEMENTOS DE ENTRADA ADICIONADOS (KOHA)
Tipo de material Koha Livros
Holdings
Situação do descarte Situação das perdas Situação física Não pode ser emprestado Biblioteca de origem Biblioteca atual Data de aquisição Total de empréstimos Número de chamada completo Código de barras Data de último acesso Data do preço efetivo Tipo de material Koha
        ESTA - SÃO BENTO ESTA - SÃO BENTO 30/04/2024   398.21 TEL VID EST00003662 30/04/2024 30/04/2024 Livros